000 00817nam a2200217 a 4500
001 BRCA_8445
005 20190320210301.0
008 090910s2015----ne-o######---#000-0#spa-#
020 _a9789053308554
041 _aspa
044 _ane
050 4 _aTR820
_b.W67 2015
245 1 0 _aWorld Press Photo 15
_ctraducción Cristina Rodríguez Fischer.
260 _aÁmsterdam, Países Bajos
_bSchilt Publishing : Stichting World Press Photo
_c2015
300 _a157 p.
_bil. (algunas a color)
_c30 cm.
500 _aCatálogo de la exposición realizada en el Museo Franz Mayer (Ciudad de México), 27 agosto - 27 septiembre, 2015
650 1 4 _aFotoperiodismo
_vExposiciones
_xPremios
_95406
650 1 4 _aFotografía
_vExposiciones
_xPremios
_95407
700 1 _aRodríguez Fischer, Cristina
_etr.
_911352
942 _2lcc
_cB
999 _c8112
_d8112